000 01166nam0a2200373 4500
001 RU\NLR\bibl\120060
005 20250617100307.0
010 _a5-93084-014-X
_91000
021 _aRU
_b2000-30225
_91419
035 _a(NLR Aleph) 000117572
090 _a668667
_c668667
100 _a20001101d2000 |||y0rusy50 ca
101 0 _arus
102 _aRU
105 _ay |||||||||
200 1 _aБлаговест от тебя. Твои вопросы, твои ответы
_fГригор Апоян
210 _aМ.
_cМануфактура
_d2000
215 _a179 с.
_d16
300 _aНа обл. авт. не указан
606 0 _aХристианская мораль
_91639409
_3RU\NLR\auth\66724879
610 0 _aЧеловек - Философские проблемы
675 _a13
_v3
_zrus
686 _a02
_2rugasnti
686 _a87
_2rubbk
686 _aЭ37-43
700 1 _aАпоян
_gГригор
_4070
801 0 _aRU
_bRKP
_c20001101
_gPSBO
801 1 _aRU
_bRKP
_c20001101
801 2 _aRU
_bNLR
_c20010111
_grcr
852 _aNLR
_j2000-2/2503
942 _cBOOK
980 _aNB